| 000 -LEADER |
| fixed length control field |
00373nam a22000977a 4500 |
| 008 - FIXED-LENGTH DATA ELEMENTS--GENERAL INFORMATION |
| fixed length control field |
220131b ||||| |||| 00| 0 eng d |
| 100 ## - MAIN ENTRY--AUTHOR'S NAME |
| Author's Name |
Baraut, Maiol |
| 245 ## - TITLE STATEMENT |
| Title |
Sant Jordi en la Filatelia 1863-1970 (St. George and the Dragon on stamps - topical) |
| 260 ## - PUBLICATION, DISTRIBUTION, ETC. (IMPRINT) |
| Place of publication, distribution, etc. |
Monserrat, British Caribbean |
| Name of publisher, distributor, etc. |
Publications de l'Abadia de Montserrat |
| Date of publication, distribution, etc. |
1972 |
| 650 ## - TOPICAL TERM (Tag) |
| Topical term or geographic name |
St. George Topical; Dragon; |